000 00366nam a2200157Ia 4500
008 230524s9999 xx 000 0 und d
082 _a4
_bPAN
100 _aR.Panneerselvam
245 0 _aDatabase Management Systems
250 _a1ST
260 _aNEW DELHI
_bPHI
_c2006
300 _aXI;277
500 _aQuantity Number: 2
650 _aComp-Sc
942 _cBK
999 _c36598
_d36598